| 000 | 01034cam a2200289 i 4500 | ||
|---|---|---|---|
| 001 | 31221 | ||
| 003 | Mx-PuUPA | ||
| 005 | 20260225153258.0 | ||
| 008 | 140415s1962 mx a gr 001 0bspa d | ||
| 040 |
_cMx-PuUPA _aMx-PuUPA _bspa _dMx-PuUPA _erda |
||
| 041 | 0 | _aspa | |
| 100 | 1 |
_aVázquez Ocaña, Fernando, _917530 _eautor |
|
| 245 | 1 | 0 |
_aGarcía Lorca : _bvida, cántico y muerte / _cFernando Vázquez Ocaña |
| 250 |
_aSegunda edición / _benero |
||
| 264 | 1 |
_aMéxico, D.F. : _bEditorial Grijalvo, _c1962 |
|
| 300 |
_a394 páginas : _bilustraciones (blanco y negro) ; _c22 cm |
||
| 336 |
_2rdacontent _atexto _btxt |
||
| 337 |
_2rdamedia _asin medio _bn |
||
| 338 |
_2rdacarrier _avolumen _bnc |
||
| 490 | 0 | _aBiografía Gandesa | |
| 600 | 1 | 4 |
_aGarcía Lorca, Federico, _d1898-1936 _96197 |
| 650 | 7 |
_2armarc _vBiografía _ySiglo XX _aAutores españoles |
|
| 942 |
_2ddc _cLI _hG22 |
||
| 999 |
_c31221 _d31221 |
||